[Event "Women's Speed Chess Q3"]
[Site "chess.com INT"]
[Date "2021.05.30"]
[Round "12"]
[White "Nanditha, V"]
[Black "Obregon Garcia, Roxangel"]
[Result "0-1"]
[WhiteTitle "WCM"]
[BlackTitle "WIM"]
[WhiteElo "1666"]
[BlackElo "2167"]
[WhiteFideId "46626697"]
[BlackFideId "3520420"]
[EventDate "2021.05.30"]

1. e4 c5 2. Nf3 Nc6 3. d4 cxd4 4. Nxd4 Nf6 5. Nc3 e6 6. Bg5 Bb4 7. Qd2 Qa5 8. f4
Nxe4 9. Nxc6 bxc6 10. Nxe4 Bxd2+ 11. Nxd2 Ba6 12. Bxa6 Qxa6 13. Kf2 Qb6+ 14. Ke2
d5 15. Nb3 O-O 16. Rad1 Rfe8 17. Rhe1 c5 18. Kf1 a5 19. Bh4 a4 20. Nd2 Qxb2 21.
Bf2 Qxc2 22. Rc1 Qd3+ 23. Re2 c4 24. Ke1 c3 25. Nf3 Rac8 26. Ne5 Qb5 27. Rcc2
Qb1+ 28. Rc1 Qxc1# 0-1

[Event "Women's Speed Chess Q3"]
[Site "chess.com INT"]
[Date "2021.05.30"]
[Round "12"]
[White "Kiran, Manisha Mohanty"]
[Black "Eswaran, Aksithi"]
[Result "0-1"]
[WhiteTitle "WGM"]
[BlackTitle "WCM"]
[WhiteElo "2168"]
[BlackElo "1745"]
[WhiteFideId "5019575"]
[BlackFideId "2083485"]
[EventDate "2021.05.30"]

1. e4 c5 2. Nf3 Nc6 3. d4 cxd4 4. Nxd4 Nf6 5. Nc3 e5 6. Ndb5 d6 7. Bg5 a6 8. Na3
Be6 9. Bxf6 Qxf6 10. Nc4 Qd8 11. Ne3 Be7 12. Ncd5 Bg5 13. Bd3 Ne7 14. O-O Bxd5
15. Nxd5 Nxd5 16. exd5 O-O 17. Qg4 g6 18. c4 f5 19. Qd1 Rc8 20. b4 Qe7 21. f4
Bxf4 22. Rxf4 exf4 23. Qf3 Qe5 24. Rc1 Qd4+ 25. Kh1 Rfe8 26. h4 Re3 27. Qf1 Qxd3
28. Qxd3 Rxd3 0-1

[Event "Women's Speed Chess Q3"]
[Site "chess.com INT"]
[Date "2021.05.30"]
[Round "12"]
[White "Perez Rodriguez, Jennifer"]
[Black "Li, Xueyi"]
[Result "1-0"]
[WhiteTitle "WIM"]
[BlackTitle "WGM"]
[WhiteElo "2251"]
[BlackElo "2328"]
[WhiteFideId "3507831"]
[BlackFideId "8605912"]
[EventDate "2021.05.30"]

1. e4 c6 2. d4 d5 3. exd5 cxd5 4. c4 Nf6 5. Nc3 Nc6 6. Nf3 Be6 7. Ng5 Bg4 8. f3
Bf5 9. cxd5 Nxd5 10. Qb3 Nxd4 11. Bb5+ Bd7 12. Qxd5 Bxb5 13. Qxf7+ Kd7 14. Nxb5
Nc2+ 15. Kf1 Nxa1 16. Bf4 Qb6 17. Nc3 Qa6+ 18. Kf2 Qb6+ 19. Kg3 h6 20. Rd1+ Kc8
21. Qe8+ Qd8 22. Qxd8# 1-0

[Event "Women's Speed Chess Q3"]
[Site "chess.com INT"]
[Date "2021.05.30"]
[Round "12"]
[White "Zhai, Mo"]
[Black "Zakirova, Aisha"]
[Result "1-0"]
[WhiteTitle "WGM"]
[BlackTitle "WCM"]
[WhiteElo "2366"]
[BlackElo "1585"]
[WhiteFideId "8600201"]
[BlackFideId "13719734"]
[EventDate "2021.05.30"]

1. Nf3 Nf6 2. g3 g6 3. Bg2 Bg7 4. O-O O-O 5. c4 d5 6. cxd5 Nxd5 7. d4 c5 8. e4
Nb4 9. a3 N4a6 10. d5 Nd7 11. Nc3 Rb8 12. Qe2 Nc7 13. Bg5 h6 14. Bf4 g5 15. Bd2
b5 16. Rac1 Ba6 17. b4 c4 18. Be3 Rb7 19. Rfd1 Ne5 20. Nxe5 Bxe5 21. f4 gxf4 22.
gxf4 Bg7 23. e5 Rb8 24. Bxa7 Ra8 25. Bf2 Bb7 26. d6 Bxg2 27. dxc7 Qxc7 28. Kxg2
Ra4 29. Nxa4 1-0

[Event "Women's Speed Chess Q3"]
[Site "chess.com INT"]
[Date "2021.05.30"]
[Round "12"]
[White "Dordzhieva, Dinara"]
[Black "Havanecz, Bianka"]
[Result "1-0"]
[WhiteTitle "WGM"]
[BlackTitle "WIM"]
[WhiteElo "2334"]
[BlackElo "2257"]
[WhiteFideId "24157570"]
[BlackFideId "704814"]
[EventDate "2021.05.30"]

1. Nf3 c6 2. g3 d5 3. c4 Nf6 4. Bg2 g6 5. O-O Bg7 6. d4 e6 7. b3 O-O 8. Bb2 Nbd7
9. Nbd2 b6 10. Qc2 Bb7 11. e4 dxc4 12. bxc4 c5 13. d5 exd5 14. cxd5 Re8 15. Rfe1
Ng4 16. Bxg7 Kxg7 17. Nc4 Nde5 18. Qc3 Qf6 19. Nfxe5 Nxe5 20. Nxe5 Qxe5 21.
Qxe5+ Rxe5 22. f4 Ree8 23. e5 Rad8 24. Rad1 f6 25. d6 Bxg2 26. Kxg2 fxe5 27.
fxe5 Re6 28. Kf3 Kf7 29. Ke4 Ke8 30. Kd5 Kd7 31. Rf1 Rde8 32. Rf7+ Kc8 33. d7+ 1-0

[Event "Women's Speed Chess Q3"]
[Site "chess.com INT"]
[Date "2021.05.30"]
[Round "12"]
[White "Nguyen, Thi Thanh An"]
[Black "Alboredo, Julia"]
[Result "0-1"]
[WhiteTitle "WGM"]
[BlackTitle "WFM"]
[WhiteElo "2259"]
[BlackElo "2182"]
[WhiteFideId "12400300"]
[BlackFideId "2124807"]
[EventDate "2021.05.30"]

1. d4 Nf6 2. Bf4 d5 3. e3 e6 4. Nf3 c5 5. c3 Nc6 6. Nbd2 Qb6 7. Qb3 c4 8. Qc2
Qd8 9. Be2 Bd6 10. Ne5 O-O 11. Bg3 Qc7 12. f4 Ne8 13. O-O f6 14. Nef3 e5 15.
fxe5 fxe5 16. Ng5 Nf6 17. dxe5 Bxe5 18. Bf4 g6 19. Bf3 Bf5 20. Qd1 Rad8 21. Be2
Kg7 22. g4 Bd3 0-1

[Event "Women's Speed Chess Q3"]
[Site "chess.com INT"]
[Date "2021.05.30"]
[Round "12"]
[White "Eswaran, Ashritha"]
[Black "Zaichenko, Daria"]
[Result "1/2-1/2"]
[WhiteTitle "WIM"]
[BlackTitle "WFM"]
[WhiteElo "2244"]
[BlackElo "2104"]
[WhiteFideId "2080788"]
[BlackFideId "4197453"]
[EventDate "2021.05.30"]

1. e4 c5 2. Nf3 Nc6 3. d4 cxd4 4. Nxd4 Nf6 5. Nc3 d6 6. Bg5 e6 7. Qd2 a6 8.
O-O-O Bd7 9. f4 Be7 10. Nf3 Qa5 11. Kb1 b5 12. Bxf6 gxf6 13. Ne2 Qxd2 14. Rxd2
O-O 15. Ned4 Nxd4 16. Nxd4 Rac8 17. g4 e5 18. Nf5 Bxf5 19. gxf5 Kh8 20. fxe5
fxe5 21. Rg1 Rg8 22. Rdg2 Rxg2 23. Rxg2 Rg8 24. Kc1 Rxg2 25. Bxg2 Bg5+ 26. Kd1
f6 27. Ke2 Bc1 28. b3 Ba3 29. Kd3 Bc5 30. c3 a5 31. a4 bxa4 32. bxa4 Ba3 33. Kc4
Bb2 34. Kd5 Bxc3 35. Kxd6 Kg7 36. Ke6 Bb4 37. Bf1 h5 38. Bb5 h4 39. h3 Be1 40.
Be2 Bb4 41. Bh5 Be1 42. Bg6 Bb4 43. Kd5 Be1 44. Kc4 Bb4 45. Kd3 Bc5 46. Ke2 Bb4
47. Kf3 Kh6 48. Ke2 Kg5 49. Kf3 Bc5 50. Be8 Bb4 51. Bg6 Bc5 52. Be8 Bb4 53. Bg6 1/2-1/2

[Event "Women's Speed Chess Q3"]
[Site "chess.com INT"]
[Date "2021.05.30"]
[Round "12"]
[White "Mendoza, Shania Mae"]
[Black "Assaubayeva, Bibisara"]
[Result "0-1"]
[WhiteTitle "WFM"]
[BlackTitle "IM"]
[WhiteElo "2158"]
[BlackElo "2381"]
[WhiteFideId "5211158"]
[BlackFideId "13708694"]
[EventDate "2021.05.30"]

1. e4 c5 2. Nf3 d6 3. g3 g6 4. Bg2 Bg7 5. O-O Nc6 6. Re1 Nf6 7. h3 O-O 8. c3 e5
9. d4 cxd4 10. cxd4 exd4 11. Nxd4 Nxd4 12. Qxd4 Be6 13. Qd3 Nd7 14. Nc3 Ne5 15.
Qd1 Qd7 16. Kh2 Rac8 17. Bf4 Nc4 18. Nd5 Nxb2 19. Qe2 Bxd5 20. exd5 Rfe8 21. Qf3
Na4 22. Rxe8+ Rxe8 23. Rc1 Nc5 24. h4 h5 25. Bh3 Qe7 26. Bg2 b6 27. Be3 Nd3 28.
Rb1 Ne5 29. Qd1 Ng4+ 30. Kh1 Nxe3 31. fxe3 Qxe3 32. Kh2 Be5 33. Rb3 Qc5 34. Rf3
Re7 35. Qf1 Qb4 36. Rb3 Qxh4+ 37. Kg1 Bxg3 0-1

[Event "Women's Speed Chess Q3"]
[Site "chess.com INT"]
[Date "2021.05.30"]
[Round "12"]
[White "Bivol, Alina"]
[Black "Cori T., Deysi"]
[Result "1-0"]
[WhiteTitle "WGM"]
[BlackTitle "WGM"]
[WhiteElo "2385"]
[BlackElo "2388"]
[WhiteFideId "4100123"]
[BlackFideId "3801934"]
[EventDate "2021.05.30"]

1. e4 e6 2. d4 c5 3. dxc5 Bxc5 4. Nc3 a6 5. Nf3 Nc6 6. Be2 b5 7. O-O Bb7 8. a3
Nge7 9. Bf4 O-O 10. Bd6 Qb6 11. b4 Bxd6 12. Qxd6 Rfd8 13. Rad1 Rac8 14. h3 Qa7
15. Nd5 exd5 16. exd5 Nf5 17. Qf4 Nce7 18. d6 Nd5 19. Qxf5 Nc3 20. Ng5 Nxe2+ 21.
Kh2 Be4 22. Qxe4 g6 23. Qxe2 Qb6 24. Qe7 Rf8 25. Qe4 Rc4 26. Qd5 Rxc2 27. Rde1
Rxf2 28. Ne4 Rxf1 29. Rxf1 Qe3 30. Ng5 Qe2 31. Rxf7 h6 32. Rxf8+ Kxf8 33. Qf7# 1-0

[Event "Women's Speed Chess Q3"]
[Site "chess.com INT"]
[Date "2021.05.30"]
[Round "12"]
[White "Vantika, Agrawal"]
[Black "Shuvalova, Polina"]
[Result "0-1"]
[WhiteTitle "WIM"]
[BlackTitle "IM"]
[WhiteElo "2286"]
[BlackElo "2484"]
[WhiteFideId "25050389"]
[BlackFideId "24171760"]
[EventDate "2021.05.30"]

1. d4 Nf6 2. c4 e6 3. g3 c5 4. d5 exd5 5. cxd5 d6 6. Nc3 g6 7. Nf3 Bg7 8. Bg2
O-O 9. O-O Re8 10. Re1 a6 11. a4 Nbd7 12. Bf4 Ng4 13. h3 Nge5 14. Ne4 Qe7 15.
Rc1 h6 16. Bd2 b5 17. b4 Bb7 18. bxc5 dxc5 19. Be3 Nc4 20. Nfd2 Nxe3 21. fxe3
Bxd5 22. Qc2 c4 23. axb5 axb5 24. Rf1 Rad8 25. Rb1 b4 26. Nf2 Bxg2 27. Kxg2 c3
28. Nc4 Ne5 29. Nxe5 Bxe5 30. Rfd1 Rxd1 31. Qxd1 Rd8 32. Nd3 Qg5 33. Qe1 Qxe3
34. Rxb4 Rxd3 0-1

[Event "Women's Speed Chess Q3"]
[Site "chess.com INT"]
[Date "2021.05.30"]
[Round "12"]
[White "Zuriel, Marisa"]
[Black "Jakubowska, Anna"]
[Result "0-1"]
[WhiteTitle "WIM"]
[BlackTitle "WIM"]
[WhiteElo "2203"]
[BlackElo "2073"]
[WhiteFideId "109142"]
[BlackFideId "1121952"]
[EventDate "2021.05.30"]

1. e4 c6 2. Nf3 d5 3. e5 Bg4 4. d4 e6 5. Be2 c5 6. c3 Nc6 7. O-O Bxf3 8. Bxf3
Nge7 9. a3 Ng6 10. b4 cxd4 11. cxd4 Be7 12. g3 O-O 13. Bb2 Rc8 14. Nd2 Qd7 15.
Kg2 a6 16. h4 Rfe8 17. h5 Nf8 18. h6 g6 19. Be2 f6 20. exf6 Bxf6 21. Nf3 Qe7 22.
Qb3 Nd7 23. Rae1 Nb6 24. Bd3 Qf7 25. Ne5 Bxe5 26. dxe5 Rf8 27. f4 Ne7 28. Bd4
Nc4 29. Re2 Nf5 30. Bxf5 Qxf5 31. b5 axb5 32. Qxb5 Qd3 33. Rff2 Ne3+ 34. Rxe3
Qxb5 35. Rfe2 Rc4 36. Bc3 Rfc8 37. Bb4 Rc2 38. Kf3 Rxe2 39. Rxe2 d4 40. g4 d3
41. Rd2 Qd5+ 42. Kg3 Rc2 0-1

[Event "Women's Speed Chess Q3"]
[Site "chess.com INT"]
[Date "2021.05.30"]
[Round "12"]
[White "Skuhala, Barbara"]
[Black "Vargas, Gabriela"]
[Result "0-1"]
[WhiteTitle "WFM"]
[BlackTitle "WIM"]
[WhiteElo "2077"]
[BlackElo "2170"]
[WhiteFideId "14605465"]
[BlackFideId "3700860"]
[EventDate "2021.05.30"]

1. e4 e6 2. d4 d5 3. Nc3 Nf6 4. Bg5 Be7 5. e5 Nfd7 6. h4 h6 7. Bxe7 Qxe7 8. Qg4
f5 9. exf6 Nxf6 10. Qe2 a6 11. O-O-O c5 12. dxc5 Nc6 13. Nf3 Bd7 14. Ne5 Nxe5
15. Qxe5 Qxc5 16. f3 O-O 17. Bd3 b5 18. g4 b4 19. Ne2 Rac8 20. g5 Bb5 21. Qxe6+
Kh8 22. gxh6 Bxd3 23. hxg7+ Kxg7 24. Rhg1+ Kh8 25. c3 Rce8 26. Qh3 Qe3+ 27. Rd2
Bxe2 28. Re1 bxc3 29. bxc3 Qxc3+ 0-1

[Event "Women's Speed Chess Q3"]
[Site "chess.com INT"]
[Date "2021.05.30"]
[Round "12"]
[White "Tokhirjonova, Gulrukhbegim"]
[Black "Nguyen, Thi Mai Hung"]
[Result "0-1"]
[WhiteTitle "WGM"]
[BlackTitle "WGM"]
[WhiteElo "2350"]
[BlackElo "2254"]
[WhiteFideId "14203626"]
[BlackFideId "12401676"]
[EventDate "2021.05.30"]

1. e4 e6 2. d4 d5 3. e5 c5 4. c3 Nc6 5. Nf3 Qb6 6. Be2 Bd7 7. O-O Nh6 8. Bxh6
gxh6 9. Qd2 Rg8 10. dxc5 Qxc5 11. b4 Qb6 12. Na3 a6 13. Nc2 Qc7 14. Qe3 Bg7 15.
Bd3 Nxe5 16. Bxh7 Rh8 17. Bd3 Nxd3 18. Qxd3 Qxc3 19. Qe2 Bb5 20. Qd1 Bxf1 21.
Kxf1 Qc4+ 22. Kg1 Bxa1 23. Nxa1 O-O-O 24. Nb3 Kb8 25. h3 Qxb4 26. Qe2 Rc8 27.
Qe5+ Ka8 28. Qf6 Rhg8 29. Nbd4 Qb1+ 30. Kh2 Qg6 31. Qxg6 Rxg6 32. Ne5 Rg7 33.
Nd7 Rc1 34. f3 Ra1 35. Nb3 Rxa2 0-1

[Event "Women's Speed Chess Q3"]
[Site "chess.com INT"]
[Date "2021.05.30"]
[Round "12"]
[White "Agrest, Inna"]
[Black "Narva, Mai"]
[Result "1-0"]
[WhiteTitle "WIM"]
[BlackTitle "WIM"]
[WhiteElo "2285"]
[BlackElo "2276"]
[WhiteFideId "1708830"]
[BlackFideId "4500512"]
[EventDate "2021.05.30"]

1. e4 c5 2. d4 cxd4 3. c3 dxc3 4. Nxc3 Nc6 5. Nf3 d6 6. Bc4 e6 7. O-O Nf6 8. Qe2
Be7 9. Rd1 e5 10. Bg5 Bg4 11. Qe3 a6 12. Rac1 O-O 13. Bxf6 Bxf6 14. Nd5 Nd4 15.
Nxd4 Bxd1 16. Nf5 Bg4 17. Qg3 Bxf5 18. exf5 Rc8 19. Rc2 Bg5 20. h4 Bxh4 21. Qh3
Bg5 22. f6 Bxf6 23. Nxf6+ Qxf6 24. Bd3 g6 25. Rxc8 b5 26. Rxf8+ Kxf8 27. Qc8+
Kg7 28. Qb7 Qf4 29. Qe4 Qc1+ 30. Kh2 Qxb2 31. Qd5 Qxf2 32. Qxd6 Qf4+ 33. Kh1 h5
34. Qd5 b4 35. Bxa6 Qf1+ 36. Bxf1 1-0

[Event "Women's Speed Chess Q3"]
[Site "chess.com INT"]
[Date "2021.05.30"]
[Round "12"]
[White "Nandhidhaa, P V"]
[Black "Priyanka, K"]
[Result "0-1"]
[WhiteTitle "WGM"]
[BlackTitle "WIM"]
[WhiteElo "2365"]
[BlackElo "2218"]
[WhiteFideId "5050847"]
[BlackFideId "5082986"]
[EventDate "2021.05.30"]

1. b3 d5 2. Bb2 Nf6 3. e3 e6 4. Nf3 Be7 5. c4 O-O 6. Be2 b6 7. O-O Bb7 8. Nc3 c5
9. cxd5 exd5 10. d4 Nc6 11. Rc1 Rc8 12. Ne5 Nxe5 13. dxe5 Ne4 14. Nxe4 dxe4 15.
Bc4 Rc6 16. Bd5 Rc7 17. Bxb7 Rxb7 18. Qg4 Qd5 19. e6 f6 20. Rfd1 Qc6 21. Rd7 Rd8
22. Rcd1 Rbxd7 23. exd7 g6 24. Qg3 Rxd7 25. Qb8+ Kg7 26. Rxd7 Qxd7 27. h3 Qd1+
28. Kh2 Bd6+ 29. Qxd6 Qxd6+ 30. g3 Qd2 0-1

[Event "Women's Speed Chess Q3"]
[Site "chess.com INT"]
[Date "2021.05.30"]
[Round "12"]
[White "Paehtz, Elisabeth"]
[Black "Cyfka, Karina"]
[Result "1-0"]
[WhiteTitle "IM"]
[BlackTitle "IM"]
[WhiteElo "2456"]
[BlackElo "2415"]
[WhiteFideId "4641833"]
[BlackFideId "1122681"]
[EventDate "2021.05.30"]

1. d4 Nf6 2. Nf3 e6 3. Bf4 b6 4. e3 Bb7 5. Nbd2 Be7 6. Bd3 c5 7. c3 d5 8. Qe2
Nc6 9. Ne5 Nxe5 10. Bxe5 O-O 11. Qf3 Nd7 12. Bf4 f5 13. h3 Nf6 14. g4 Ne4 15.
gxf5 exf5 16. Rg1 cxd4 17. exd4 Bf6 18. O-O-O Rc8 19. Kb1 Qd7 20. Nb3 a5 21.
Bxe4 dxe4 22. Qe3 a4 23. Nc1 a3 24. b3 Ba6 25. Be5 Bb5 26. Bxf6 Rxf6 27. c4 Ba6
28. Ne2 Bb7 29. d5 b5 30. c5 Qf7 31. Nf4 Ra6 32. Qd4 Rd8 33. d6 e3 34. Ne6 Be4+
35. Ka1 exf2 36. Rxg7+ Kh8 37. Rxf7+ Kg8 38. Qg7# 1-0

[Event "Women's Speed Chess Q3"]
[Site "chess.com INT"]
[Date "2021.05.30"]
[Round "12"]
[White "Marjanovic, Annamaria"]
[Black "Dwilewicz, Katarzyna"]
[Result "1-0"]
[WhiteTitle "WGM"]
[BlackTitle "WFM"]
[WhiteElo "2338"]
[BlackElo "2092"]
[WhiteFideId "750930"]
[BlackFideId "1148486"]
[EventDate "2021.05.30"]

1. c4 Nf6 2. g3 e6 3. Bg2 d5 4. Nf3 c5 5. cxd5 exd5 6. d4 Nc6 7. Nc3 Be6 8. O-O
h6 9. Na4 c4 10. b3 b5 11. Nc5 Bxc5 12. dxc5 O-O 13. bxc4 dxc4 14. Be3 Nd5 15.
Bd4 Nxd4 16. Nxd4 a6 17. Nc6 Qg5 18. Bxd5 Rad8 19. Nxd8 Rxd8 20. e4 h5 21. h4
Qf6 22. Qe2 Bg4 23. Qe3 Qe5 24. Qg5 Qc7 25. a4 b4 26. Bxc4 Rd4 27. Bd5 Kf8 28.
Rab1 f6 29. Qf4 Qxc5 30. Rbc1 Qxd5 31. exd5 Rxf4 32. gxf4 a5 33. Rc7 Be2 34. Re1
Bd3 35. Ree7 b3 36. Rf7+ Ke8 37. Rxg7 b2 38. Rg8# 1-0

[Event "Women's Speed Chess Q3"]
[Site "chess.com INT"]
[Date "2021.05.30"]
[Round "12"]
[White "Samaganova, Alexandra"]
[Black "Doluhanova, Evgeniya"]
[Result "1/2-1/2"]
[WhiteTitle "WFM"]
[BlackTitle "WGM"]
[WhiteElo "1993"]
[BlackElo "2207"]
[WhiteFideId "13800221"]
[BlackFideId "14112035"]
[EventDate "2021.05.30"]

1. c4 Nf6 2. Nc3 e5 3. Nf3 Nc6 4. a3 d5 5. cxd5 Nxd5 6. Qc2 Nxc3 7. bxc3 Be6 8.
e3 Bd6 9. d4 exd4 10. cxd4 O-O 11. Bd3 h6 12. O-O Qf6 13. Be4 Bg4 14. h3 Bh5 15.
Kh1 Rfe8 16. Bb2 Qe7 17. Bxc6 bxc6 18. Qxc6 Qf6 19. Rac1 Rab8 20. Ba1 Re7 21.
Ne5 Bxe5 22. dxe5 Qf5 23. Qc3 Kh7 24. Qd4 Rb6 25. Rc5 Rg6 26. e6 Qxh3+ 27. gxh3
Bf3+ 28. Kh2 Rg2+ 29. Kh1 Rg3+ 30. Kh2 Rg2+ 31. Kh1 Rg3+ 32. Kh2 Rg2+ 1/2-1/2

[Event "Women's Speed Chess Q3"]
[Site "chess.com INT"]
[Date "2021.05.30"]
[Round "12"]
[White "Golubeva, Oksana"]
[Black "Sikorova, Olga"]
[Result "1/2-1/2"]
[WhiteTitle "WFM"]
[BlackTitle "WGM"]
[WhiteElo "2179"]
[BlackElo "2215"]
[WhiteFideId "4170164"]
[BlackFideId "307033"]
[EventDate "2021.05.30"]

1. Nf3 Nf6 2. b3 g6 3. Bb2 Bg7 4. g3 O-O 5. Bg2 b6 6. d3 Bb7 7. O-O c5 8. Nbd2
d5 9. Ne5 Nbd7 10. Rb1 Nxe5 11. Bxe5 Qd7 12. c4 Ne8 13. Bxg7 Nxg7 14. e4 dxc4
15. dxc4 Rad8 16. Rb2 Ne6 17. Re1 Nd4 18. Nb1 e5 19. Nc3 f5 20. exf5 Bxg2 21.
Kxg2 Rxf5 22. Ne4 Rdf8 23. Re3 Qe7 24. Qe1 Rf3 25. Rd2 Qb7 26. Rdd3 Rxf2+ 27.
Qxf2 Rxf2+ 28. Kxf2 Qf7+ 29. Kg2 Qf5 30. Rd2 Qe6 31. Rf2 Nf5 32. Rd3 Qc6 33. Re2
Nd4 34. Ree3 Nc2 35. Re2 Nd4 36. Ree3 Nc2 37. Re2 Nd4 1/2-1/2

[Event "Women's Speed Chess Q3"]
[Site "chess.com INT"]
[Date "2021.05.30"]
[Round "12"]
[White "Gaponenko, Inna"]
[Black "Padmini, Rout"]
[Result "1/2-1/2"]
[WhiteTitle "IM"]
[BlackTitle "IM"]
[WhiteElo "2357"]
[BlackElo "2370"]
[WhiteFideId "14101181"]
[BlackFideId "5029295"]
[EventDate "2021.05.30"]

1. e4 c5 2. c3 d5 3. exd5 Qxd5 4. d4 g6 5. Nf3 Bg7 6. Na3 cxd4 7. Nb5 Qd8 8.
Nbxd4 Nf6 9. Bc4 O-O 10. O-O Qc7 11. Qe2 Nc6 12. Nb5 Qb8 13. Be3 a6 14. Nbd4 Bd7
15. Rad1 b5 16. Bb3 Qb7 17. Rfe1 Rad8 18. h3 Rfe8 19. Bg5 Rc8 20. Nxc6 Bxc6 21.
Ne5 e6 22. Nxc6 Qxc6 23. Qe3 Nd7 24. Qe4 Qxe4 25. Rxe4 Nc5 26. Re3 Nxb3 27. axb3
Rc6 28. Rd7 Ra8 29. Rf3 f5 30. Rfd3 a5 31. Rd8+ Rxd8 32. Rxd8+ Kf7 33. Rd7+ Kg8
34. Rd8+ Kf7 35. Rd7+ Kg8 36. Ra7 b4 37. Rxa5 bxc3 38. bxc3 Bxc3 39. Ra8+ Kf7
40. Ra7+ Kg8 41. Ra8+ Kf7 42. Ra7+ Kg8 43. Ra8+ 1/2-1/2

[Event "Women's Speed Chess Q3"]
[Site "chess.com INT"]
[Date "2021.05.30"]
[Round "12"]
[White "Antonova, Nadezhda"]
[Black "Ribeiro, Regina"]
[Result "1-0"]
[WhiteTitle "WFM"]
[BlackTitle "WIM"]
[WhiteElo "1877"]
[BlackElo "1920"]
[WhiteFideId "14700182"]
[BlackFideId "2100681"]
[EventDate "2021.05.30"]

1. d4 Nf6 2. Nf3 d6 3. Nbd2 g6 4. e4 Bg7 5. Bd3 O-O 6. O-O c5 7. c3 cxd4 8. cxd4
Nc6 9. a3 Bg4 10. h3 Bxf3 11. Nxf3 Rc8 12. Be3 e5 13. d5 Ne7 14. Qd2 a6 15. Rfc1
Qd7 16. b4 Nh5 17. Bf1 f5 18. Rxc8 Rxc8 19. Rc1 Rxc1 20. Qxc1 fxe4 21. Ng5 Bh6
22. Nxe4 Bg7 23. Qd2 Nf5 24. Bb6 Nd4 25. g4 Nf6 26. Bxd4 Nxe4 27. Qe3 exd4 28.
Qxe4 Be5 29. Bd3 Qe7 30. f4 Bg7 31. Qxe7 1-0

[Event "Women's Speed Chess Q3"]
[Site "chess.com INT"]
[Date "2021.05.30"]
[Round "12"]
[White "Narva, Regina"]
[Black "Mohota, Nisha"]
[Result "0-1"]
[WhiteTitle "WFM"]
[BlackTitle "IM"]
[WhiteElo "1901"]
[BlackElo "2195"]
[WhiteFideId "4500237"]
[BlackFideId "5004330"]
[EventDate "2021.05.30"]

1. e4 Nf6 2. Nc3 d5 3. e5 Ne4 4. Nxe4 dxe4 5. d3 exd3 6. Bxd3 Nc6 7. Nf3 Bg4 8.
Bf4 e6 9. O-O Nd4 10. Be4 Nxf3+ 11. Bxf3 Qxd1 12. Bxd1 Bxd1 13. Raxd1 Bc5 14.
Rd3 Rd8 15. Rfd1 Rxd3 16. Rxd3 Ke7 17. a3 h6 18. h3 a6 19. Rc3 Bb6 20. Be3 Bxe3
21. Rxe3 Rd8 22. Rd3 Rxd3 23. cxd3 Kd7 24. f4 Kc6 25. Kf2 Kd5 26. Ke3 c5 27. g4
b5 28. b3 a5 29. h4 g6 30. g5 h5 0-1

[Event "Women's Speed Chess Q3"]
[Site "chess.com INT"]
[Date "2021.05.30"]
[Round "12"]
[White "Novikova, Anna"]
[Black "Golubenko, Valentina"]
[Result "1-0"]
[WhiteTitle "WIM"]
[BlackTitle "WGM"]
[WhiteElo "2247"]
[BlackElo "2209"]
[WhiteFideId "4146794"]
[BlackFideId "4501993"]
[EventDate "2021.05.30"]

1. e4 g6 2. d4 Bg7 3. Nc3 c5 4. Nf3 cxd4 5. Nxd4 Nc6 6. Be3 Nf6 7. Bc4 O-O 8.
O-O Ng4 9. Nxc6 Nxe3 10. Nxd8 Nxd1 11. Nxd1 Rxd8 12. c3 e6 13. Ne3 a6 14. a4 b6
15. Rad1 Bb7 16. f3 Rac8 17. Bb3 Bh6 18. Kf2 Bxe3+ 19. Kxe3 d5 20. exd5 exd5 21.
Kd4 Kg7 22. Rfe1 Rd7 23. Re5 f6 24. Re3 Rc5 25. Rde1 Kf7 26. Re6 Rc6 27. Re8 Rc5
28. Rh8 Kg7 29. Ree8 Ra5 30. Reg8+ Kh6 31. Rd8 Bc6 32. Rxd7 Bxd7 33. Rb8 Bxa4
34. Rxb6 Bxb3 35. Rxb3 Kg5 36. Rb6 h5 37. g3 h4 38. gxh4+ Kxh4 39. Rxf6 g5 40.
Rh6# 1-0

[Event "Women's Speed Chess Q3"]
[Site "chess.com INT"]
[Date "2021.05.30"]
[Round "12"]
[White "Tarasova, Viktoriya"]
[Black "Zaksaite, Salomeja"]
[Result "0-1"]
[WhiteTitle "WIM"]
[BlackTitle "WIM"]
[WhiteElo "2226"]
[BlackElo "2202"]
[WhiteFideId "4175840"]
[BlackFideId "12801496"]
[EventDate "2021.05.30"]

1. d4 Nf6 2. c4 g6 3. Nc3 d5 4. cxd5 Nxd5 5. e4 Nxc3 6. bxc3 Bg7 7. Bc4 c5 8.
Ne2 O-O 9. O-O Nc6 10. Be3 Bg4 11. f3 Bd7 12. Rb1 Qc7 13. Qd2 cxd4 14. cxd4 Nxd4
15. Bxd4 Qxc4 16. Bxg7 Kxg7 17. Qxd7 Qxe2 18. Qxe7 Qxa2 19. Qxb7 a5 20. Kh1 a4
21. Qb2+ Qxb2 22. Rxb2 a3 23. Ra2 Rfb8 24. Rfa1 Rb2 25. Kg1 Rxa2 26. Rxa2 Kf6
27. Kf2 Ke5 28. Ke3 g5 29. g3 Ra4 30. f4+ gxf4+ 31. gxf4+ Kd6 32. Kd3 Kc5 33. h3
Kb4 34. Kc2 Ra8 35. Ra1 Rc8+ 36. Kb1 Kb3 37. Ra2 Rg8 38. Rc2 Rg1+ 39. Rc1 a2+
40. Ka1 Rxc1# 0-1

[Event "Women's Speed Chess Q3"]
[Site "chess.com INT"]
[Date "2021.05.30"]
[Round "12"]
[White "Kulkarni, Bhakti"]
[Black "Dauletova, Gulmira"]
[Result "1-0"]
[WhiteTitle "IM"]
[BlackTitle "WGM"]
[WhiteElo "2391"]
[BlackElo "2285"]
[WhiteFideId "5019516"]
[BlackFideId "13702971"]
[EventDate "2021.05.30"]

1. Nf3 d5 2. c4 d4 3. b3 c5 4. Bb2 Nc6 5. e3 e5 6. d3 Nf6 7. g3 Be7 8. exd4 O-O
9. dxe5 Ng4 10. h3 Nh6 11. Bg2 Bf5 12. d4 cxd4 13. Nxd4 Bb4+ 14. Ke2 Bxb1 15.
Nxc6 bxc6 16. Rxb1 Qe7 17. Qc2 Rad8 18. Rhd1 f6 19. Bxc6 fxe5 20. Rxd8 Qxd8 21.
Rd1 Qf6 22. Bd5+ Kh8 23. Kf1 Bc5 24. Rd2 Qg5 25. Kg2 Nf5 26. Kh2 Bxf2 27. Rxf2
Qxg3+ 28. Kh1 Qxh3+ 29. Kg1 Qg3+ 30. Bg2 e4 31. Qxe4 h5 32. Rxf5 1-0